Rubber wood marketing in Indonesia (Record no. 68140)

MARC details
000 -LEADER
fixed length control field 00602nam a2200169Ia 4500
100 ## - MAIN ENTRY--AUTHOR NAME
Personal name Gunawan Anang
245 #0 - TITLE STATEMENT
Title Rubber wood marketing in Indonesia
260 ## - PUBLICATION, DISTRIBUTION, ETC. (IMPRINT)
Name of publisher Climate Change, Low Carbon Economy and Sustainable Natural Rubber Industry: Preprints of Proceedings of IRRDB International Rubber Conference 2010, 18-19 October 2010 Sanya, Hainan, China, pp. 587.
650 ## - SUBJECT ADDED ENTRY--TOPICAL TERM
Topical Term Marketing
650 ## - SUBJECT ADDED ENTRY--TOPICAL TERM
Topical Term Rubber plantation
650 ## - SUBJECT ADDED ENTRY--TOPICAL TERM
Topical Term Rubber replanting
650 ## - SUBJECT ADDED ENTRY--TOPICAL TERM
Topical Term Rubber wood
700 ## - ADDED ENTRY--PERSONAL NAME
Personal name Rachmawan Arief
856 ## - ELECTRONIC LOCATION AND ACCESS
Uniform Resource Identifier Abst only
942 ## - ADDED ENTRY ELEMENTS (KOHA)
Koha item type Journals
Holdings
Withdrawn status Lost status Damaged status Not for loan Home library Current library Shelving location Date acquired Koha item type
      Journals RRII Library RRII Library Rubber wood 16/08/2012 Journals